Trigo en sonora y su contexto nacional e internacional

Detalles Bibliográficos
Formato: eBook
Lenguaje:español
Publicado: Ciudad de Mx̌ico: Cm̀ara de Diputados, 2014
Materias:
Acceso en línea:Acceso restringido

MARC

LEADER 00000nam a22000007a 4500
005 20170827221819.0
007 cr|||| ||||
008 170827s2014 mx |||||s||||f00||0 spa d
020 |a 978-607-9423-53-7 
035 |a 20450 
040 |a vLex 
090 |c 6856  |d 6856 
245 0 0 |a Trigo en sonora y su contexto nacional e internacional  |h [Recurso electrn̤ico] / 
256 |a Servicio en ln̕ea 
260 |a Ciudad de Mx̌ico:  |b Cm̀ara de Diputados,  |c 2014 
300 |a 1 recurso electrn̤ico 
500 |a En esta obra se abordan las causas nacionales e internacionales de la baja rentabilidad de los productores de trigo en el sur de Sonora; se explica tambiň la crisis alimentaria mundial y el alza que origin ̤en los precios de los alimentos. Esta coyuntura propici ̤un mejoramiento de la rentabilidad de los agricultores; sin embargo, se ha tenido una alta volatilidad en los precios del trigo. De manera simultǹea, existe un aumento considerable en el precio de los insumos. As,̕ se presionan de nuevo las utilidades de los productores sonorenses y resulta imperativo tomar en cuenta las recomendaciones planteadas en este libro para el mejoramiento de la rentabilidad del cultivo del trigo en Sonora. Algunas de ellas estǹ dirigidas a los productores, otras a los tomadores de decisiones. 
506 1 |a Disponible solo en los productos indicados  |d vLex Global  |d vLex Global (Academic Edition, excluding Law Schools)  |d vLex Global (U.S. Academic Edition, Law Schools)  |d vLex Global (U.S. Academic Edition, excluding Law Schools)  |d vLex Global (Academic Edition, Law Schools) 
650 0 4 |a Derecho Mercantil y de la Empresa  |z Mx̌ico 
650 0 4 |a Derecho Pb︢lico y Administrativo  |z Mx̌ico 
740 0 |a vLex Libros (Servicio en ln̕ea) 
856 4 0 |u http://vlex.com/source/trigo-en-sonora-y-su-contexto-nacional-e-internacional-20450  |z Acceso restringido 
942 |c BOOK 
999 0 |a Commercial and Company Law 
999 0 |a Public and Administrative Law